Central Library OPAC University of Rajshahi

The biology of Hemichordata and Protochordata / (Record no. 73141)

MARC details
000 -LEADER
fixed length control field 00851nam a2200277 a 4500
001 - CONTROL NUMBER
control field 73141
003 - CONTROL NUMBER IDENTIFIER
rucl marc code BD-RjUL
005 - DATE AND TIME OF LATEST TRANSACTION
control field 20211209082344.0
008 - FIXED-LENGTH DATA ELEMENTS--GENERAL INFORMATION
fixed length control field 170528s1965 enka b 001 0 eng d
035 ## - SYSTEM CONTROL NUMBER
System control number (BD-RjUL)73359
040 ## - CATALOGING SOURCE
Original cataloging agency DLC
Transcribing agency DLC
Modifying agency BD-RjUL
Language of cataloging eng
041 ## - LANGUAGE CODE
Language code of text/sound track or separate title eng
082 00 - DEWEY DECIMAL CLASSIFICATION NUMBER
Classification number 593.9
Edition number 23
Author mark and year BAB 1965
100 1# - MAIN ENTRY--PERSONAL NAME
Personal name Barrington, E. J. W.
Fuller form of name (Ernest James William)
9 (RLIN) 216350
245 14 - TITLE STATEMENT
Title The biology of Hemichordata and Protochordata /
Statement of responsibility, etc. E. J. W. Barrington.
260 ## - PUBLICATION, DISTRIBUTION, ETC. (IMPRINT)
Place of publication, distribution, etc. San Francisco,
Name of publisher, distributor, etc. W. H. Freeman
Date of publication, distribution, etc. 1965
300 ## - PHYSICAL DESCRIPTION
Pagination vi, 176 p. :
Illustrations ill. ;
Size 22 cm.
490 0# - SERIES STATEMENT
Series statement University reviews in biology
504 ## - BIBLIOGRAPHY, ETC. NOTE
Bibliography, etc Bibliography and index
650 #0 - SUBJECT ADDED ENTRY--TOPICAL TERM
Topical term or geographic name as entry element Hemichordata.
9 (RLIN) 216351
Topical term or geographic name as entry element Tunicata.
9 (RLIN) 216352
Topical term or geographic name as entry element Amphioxus.
9 (RLIN) 216353
830 ## - SERIES ADDED ENTRY--UNIFORM TITLE
Uniform title University reviews in biology
942 ## - ADDED ENTRY ELEMENTS (KOHA)
Source of classification or shelving scheme Dewey Decimal Classification
Koha item type Books
Holdings
Lost status Source of classification or shelving scheme Damaged status Not for loan Collection code Permanent Location Current Location Shelving location Date acquired Source of acquisition Cost, normal purchase price Total Checkouts Full call number Date last seen Copy number Koha item type
  Dewey Decimal Classification   Not For Loan Non-fiction Central Library, University of Rajshahi Central Library, University of Rajshahi Reading Room 16/08/1973 Mitali Prokasoni 38.50   593.9 BAB 1965 28/05/2017 C-1 Books